000 01173nam a2200241Ia 4500
003 OSt
005 20200903143515.0
008 191128t2011 ck aob fr 000 0 spa d
020 _a9789588238623
040 _aCO-JMCR
_cCO-JMCR
041 0 _aspa
082 0 4 _a361.25 /
_bG934v
_223
100 1 _aGuerrero Velasco, Rodrigo,
_eautor
_99742
245 1 0 _aVallenpaz, contribuye al logro de la paz promoviendo el desarrollo integral de comunidades rurales /
_ctextos, Rodrigo Guerrero Velasco, Juan Camilo Restrepo Salazar, Luis Guillermo Restrepo Satizábal [y otros 3]
260 _aBogotá :
_bMNR Ediciones,
_c©2011
300 _a156 páginas :
_bprincipalmente fotografías y mapas a color ;
_c29 cm.
505 0 _aVallenpaz, reto y oportunidad -- De campesinos a empresarios -- Herencias culturales -- Vallenpaz y el derecho a solidarizarse -- Once años sembrando prosperidad
650 1 4 _aPolítica social
_zValle del Cauca (Colombia)
_99743
650 1 4 _aParticipación comunitaria
_zValle del Cauca (Colombia)
_99744
700 1 _aRestrepo Salazar, Juan Camilo,
_eautor
_96525
700 1 _aRestrepo Satizábal, Luis Guillermo,
_eautor
_99745
942 _2ddc
_cBK
999 _c4570
_d4570